Od A-Z w Poznaniu - Statystyki

Ogólne statystyki
  • Ten quiz został rozwiązany 28 razy
  • Średni wynik to 15 z 23
Statystyki odpowiedzi
Informacja Odpowiedź % Poprawnych
L Drużyna piłkarska grająca w Ekstraklasie. Lech Poznań
96%
M Sztuczne jezioro używane do sportów wodnych. Malta
96%
G Dzielnica z nazwą miejsca bitwy. Grunwald
83%
Ł Lotnisko w Poznaniu. Ławica
83%
P Największa galeria handlowa w mieście. Posnania
83%
W Rzeka przepływająca przez Poznań. Warta
83%
E Nazwa stadionu miejskiego. Enea Stadion
74%
N Największy ogród zoologiczny w mieście. Nowe Zoo
74%
D Najdłuższa ulica w Poznaniu. Dąbrowskiego
70%
F Dzielnica mająca jedynie centrum handlowe i pętle tramwajową. Franowo
70%
J Jedna z najładniejszych dzielnic w mieście. Jeżyce
65%
R Jezioro mające tą samą nazwę co motyl. Rusałka
65%
K Największe jezioro w Poznaniu. Kierskie
61%
C Twierdza z XIX wieku. Cytadela
57%
O Największa wyspa w Poznaniu. Ostrów Tumski
57%
T Tor wyścigów samochodowych. Tor Poznań
52%
Ż Obszar znajdujący się w Nowym Mieście. Żegrze
52%
S Centrum Poznania. Stary Rynek
48%
B Interaktywne muzeum o historii miasta. Brama Poznania
43%
Z Dzielnica na wschodnią północ od największej wyspy. Zawady
43%
Ś Dzielnica w zachodnio-południowym Poznaniu. Świerczewo
39%
A Najdłuższa aleja w Poznaniu. Aleja Niepodległości
35%
U Uczelnia znajdująca się na Sołaczu. Uniwersytet Przyrodniczy
35%
Nie znaleziono quizów pasujących do podanych kryteriów
Rozkład punktacji
Procent ludzi z każdym wynikiem
Percentyl według liczby udzielonych odpowiedzi
Twoja historia wyników
Nie rozwiązałeś tego quizu